000 00470cam a2200193 4500
008 090401t1983 xxu||||| |||| 00| 0 eng d
020 _a0851250564
035 _a(Sirsi) u642
041 _aeng
050 _a693.97
110 _aBuilding Research Establishment
245 4 _aThe structural condition of Orlit houses
260 _aWatford
_bBRE
_c1983
300 _a29p. ill. 30cm
350 _a5
650 _aORLIT HOUSES
942 _n0
948 _c04/03/1997
999 _c85579
_d85579